Statistics for Managers with more matches in Champions League

Click here to take the quiz!

General Stats

  • This quiz has been taken 46 times
  • The average score is 6 of 10

Answer Stats

Number of matchesNationalityManager% Correct
209ScotlandAlex Ferguson
98%
199FranceArsene Wenger
79%
127PortugalJose Mourinho
79%
95SpainPep Guardiola
79%
154ItalyCarlo Ancelotti
76%
102NetherlandsLouis Van Gaal
71%
111SpainRafael Benitez
33%
101GermanyOttmar Hitzfeld
26%
133RomaniaMircea Lucescu
19%
82ItalyGiovanni Trapattoni
10%

Score Distribution

Percentile by Number Answered

Percent of People with Each Score

Your Score History

You have not taken this quiz